| 000 | 00720nam a22002297a 4500 | ||
|---|---|---|---|
| 003 | OSt | ||
| 005 | 20251112111720.0 | ||
| 008 | 251112b |||||||| |||| 00| 0 eng d | ||
| 020 | _a971-685-772-1. | ||
| 040 |
_aDWC-Main Lib. _cOC |
||
| 082 | _aFil. 400 G573l 2010 | ||
| 100 | _aGO, MILDRED | ||
| 245 |
_aLanguage and literature assessment : _ba comprehensive guide/ _cMILDRED GO |
||
| 260 |
_aQuezon City : _bLorimar Pub. Inc. , _cc2010. |
||
| 300 |
_avii, 113 p. : _bill. ; _c26 cm. |
||
| 504 | _aIncludes bibliographical references | ||
| 650 | _a1. Language and languages. | ||
| 650 | _a2. Language arts. | ||
| 650 | _a3. Literature. | ||
| 700 | _aPOSECION, OFELIA T. | ||
| 942 |
_2ddc _cBK - FIL _hFil. _n0 |
||
| 999 |
_c5646 _d5646 |
||